000 00421nam a2200145Ia 4500
008 240719s9999 xx 000 0 und d
041 _aeng
082 _a616.978 TRE
100 _aTrescott, Mickey
245 _aThe Autoimmune Wellness Handbook A DIY Guide To Living Well With Chronic Illness
260 _aNew York
_bRODALE
_c2016
300 _a288;. P. 24 Cm
365 _c
_b25.99
520 _aGifted By : IMT Faculty
999 _c41360
_d41360